El precedente en el Common Law

Guardat en:
Dades bibliogràfiques
Autor principal: Iturralde Sesma, Victoria (Autor)
Format: Llibre
Idioma:espanyol
Publicat: Madrid Civitas 1995
Matèries:
Etiquetes: Afegir etiqueta
Sense etiquetes, Sigues el primer a etiquetar aquest registre!

MARC

LEADER 00000nam a2200000 a 4500
001 UCY9308
003 CL-VaPUC
008 950713e19950000SP |||||||||||||||||spa|d
082 0 4 |a 340.11  |b ITU  |2 21 
100 |a Iturralde Sesma, Victoria  |e author  |9 577054 
245 1 3 |a El precedente en el Common Law 
300 |a 212 p 
942 |c BK 
945 |d 19950713 00:00:00  |a aalvarez 
260 |a Madrid  |b Civitas  |c 1995 
650 0 |a Derecho internacional  |9 255637 
650 0 |a Historia del derecho  |9 255109 
651 0 |a Inglaterra  |9 255158 
651 0 |a Estados Unidos  |9 255178 
583 |a last modification  |c 19950713 00:00:00  |k Rodrigo Vera 
999 |c 236430  |d 236428 
952 |0 0  |1 0  |4 0  |6 340_110000000000000_ITU_1995  |7 0  |8 DER_TF  |9 244514  |a BIBDER  |b BIBDER  |d 2019-11-18  |i 3107205  |l 1  |o 340.11 ITU 1995  |p 3107205  |r 2023-01-25  |s 2022-09-28  |w 2019-11-18  |x Ubicación 4to Piso  |y BK  |z Estos recursos deben solicitarse con anticipación  |k DER